Best U.S. Universities Map Quiz - Statistics

General Stats
  • This quiz has been taken 661 times
    352 since last reset
  • The average score is 39 of 52
Answers on the Map
Answers color-coded by a green-red scale on the quiz's map according to % correct below.
 
Answer Stats
Rank School % Correct
3 (tie) Harvard
96%
5 Yale
95%
32 Texas
93%
15 (tie) UCLA
93%
21 Michigan
90%
6 Penn
90%
47 (tie) Georgia
89%
1 Princeton
89%
3 (tie) Stanford
89%
12 (tie) Chicago
87%
24 (tie) Washington (St. Louis)
87%
28 (tie) Florida
86%
9 (tie) Brown
85%
12 (tie) Columbia
85%
22 (tie) North Carolina
85%
40 (tie) Washington
85%
15 (tie) California-Berkeley
84%
24 (tie) Virginia
83%
35 (tie) Wisconsin
83%
39 Boston College
82%
18 (tie) Dartmouth
82%
35 (tie) NYU
82%
43 (tie) Boston University
81%
7 (tie) Duke
81%
28 (tie) UC San Diego
81%
2 MIT
80%
12 (tie) Cornell
79%
35 (tie) Illinois
79%
43 (tie) Ohio State
78%
9 (tie) Northwestern
76%
18 (tie) Vanderbilt
75%
33 (tie) Georgia Tech
74%
28 (tie) USC
74%
20 Notre Dame
72%
17 Rice
68%
9 (tie) Johns Hopkins
66%
35 (tie) UC Santa Barbara
65%
22 (tie) Georgetown
64%
47 (tie) Virginia Tech
64%
46 Maryland
63%
7 (tie) Cal Tech
61%
43 (tie) Purdue
61%
40 (tie) Rutgers
60%
47 (tie) Texas A&M
60%
28 (tie) UC Davis
59%
24 (tie) Carnegie Mellon
58%
33 (tie) UC Irvine
57%
24 (tie) Emory
53%
47 (tie) Rochester
51%
47 (tie) Wake Forest
49%
40 (tie) Tufts
42%
47 (tie) Lehigh
31%
No matching quizzes found
Score Distribution
Percent of People with Each Score
Percentile by Number Answered
Your Score History
You have not taken this quiz since the last reset